<?xml version="1.0" encoding="UTF-8"?>
<record
    xmlns:xsi="http://www.w3.org/2001/XMLSchema-instance"
    xsi:schemaLocation="http://www.loc.gov/MARC21/slim http://www.loc.gov/standards/marcxml/schema/MARC21slim.xsd"
    xmlns="http://www.loc.gov/MARC21/slim">

  <leader>00956nam a22001337a 4500</leader>
  <datafield tag="999" ind1=" " ind2=" ">
    <subfield code="c">533801</subfield>
    <subfield code="d">533801</subfield>
  </datafield>
  <controlfield tag="008">260625b           ||||| |||| 00| 0 eng d</controlfield>
  <datafield tag="100" ind1=" " ind2=" ">
    <subfield code="a">Chakravarti, Uma </subfield>
    <subfield code="9">61342</subfield>
  </datafield>
  <datafield tag="245" ind1=" " ind2=" ">
    <subfield code="a">Buddhism, secular humanism and another way of being: Some thought on Ambedkar&#x2019; s conversion </subfield>
  </datafield>
  <datafield tag="260" ind1=" " ind2=" ">
    <subfield code="a">India International Center Quarterly </subfield>
  </datafield>
  <datafield tag="300" ind1=" " ind2=" ">
    <subfield code="a">52 (3&amp;4), Winter 2025- Summer 2026: p.87-99</subfield>
  </datafield>
  <datafield tag="520" ind1=" " ind2=" ">
    <subfield code="a"> As a young scholars beginning PhD research project in history I was drawn to a study of Buddhism, perhaps prompted by an old memory that lingered subconsciously was 16 years old and in my final year of high school when B.R. Ambedkar &#x2018;s conversion from Hinduism to Buddhism in 1956 was reported. The public reaction was striking even as K know little about Ambedkar, his expertness with east oppression or his declaration at a gathering in Yeola near Nasik in October 1935. &#x2013;Reproduced </subfield>
  </datafield>
  <datafield tag="773" ind1=" " ind2=" ">
    <subfield code="a">India International Center Quarterly </subfield>
  </datafield>
  <datafield tag="942" ind1=" " ind2=" ">
    <subfield code="c">AR</subfield>
  </datafield>
  <datafield tag="952" ind1=" " ind2=" ">
    <subfield code="0">0</subfield>
    <subfield code="1">0</subfield>
    <subfield code="2">ddc</subfield>
    <subfield code="4">0</subfield>
    <subfield code="7">0</subfield>
    <subfield code="9">408981</subfield>
    <subfield code="a">IIPA</subfield>
    <subfield code="b">IIPA</subfield>
    <subfield code="d">2026-06-25</subfield>
    <subfield code="h">52 (3&amp;4), Winter 2025- Summer 2026: p.87-99</subfield>
    <subfield code="p">AR139263</subfield>
    <subfield code="r">2026-06-25</subfield>
    <subfield code="y">AR</subfield>
  </datafield>
</record>
